Statistiche per Riconosci il Calciatore - Quiz n°28

Clicka qui per fare il quiz!

Statistiche generali

  • Questo quiz è stato fatto 10 volte
  • Il punteggio medio è 9 su 19

Statistiche sulle risposte

IndizioRisposta% Corretto
NazionalitàMessico
89%
Squadra di club 6Real Betis Siviglia 2017-
89%
RuoloCentrocampista
67%
Squadra di club 5PSV 2014-2017
67%
Trofei per clubSegunda División: 1
Deportivo La Coruña: 2011-2012
Campionato olandese: 2
PSV Eindhoven: 2014-2015, 2015-2016
Supercoppa dei Paesi Bassi: 2
PSV Eindhoven: 2015, 2016
Coppa di Spagna: 1
Betis: 2021-2022
67%
Squadra di club 1Atlas 2005-2007
56%
Squadra di club 4Bayer Leverkusen 2014-2014
56%
Squadra di club 2Deportivo La Coruña 2007-2012
56%
Squadra di club 3Valencia 2012-2014
56%
Data di nascita28/09/1986
44%
Trofei per nazionaliGold Cup: 3
2011, 2015, 2019
33%
Trofei individualiSquadra maschile CONCACAF del decennio 2011-2020 IFFHS: 1
2020
33%
Altezza172 cm
22%
Presenze in nazionale181
22%
Gol in nazionale28
22%
Gol nei club41
22%
Presenze nei club585
22%
Peso69 kg
22%
CalciatoreAndrés Guardado
22%

Distribuzione punteggi

Percentile per numero di risposta

Percentuale di utenti per punteggio

I tuoi punteggi nel tempo

Non hai fatto questo quiz